<?xml version="1.0" encoding="UTF-8"?><?xml-stylesheet type="text/xsl" href="static/style.xsl"?><OAI-PMH xmlns="http://www.openarchives.org/OAI/2.0/" xmlns:xsi="http://www.w3.org/2001/XMLSchema-instance" xsi:schemaLocation="http://www.openarchives.org/OAI/2.0/ http://www.openarchives.org/OAI/2.0/OAI-PMH.xsd"><responseDate>2026-06-02T03:49:34Z</responseDate><request verb="GetRecord" identifier="oai:riuma.uma.es:10630/16697" metadataPrefix="marc">https://riuma.uma.es/rest/oai/request</request><GetRecord><record><header><identifier>oai:riuma.uma.es:10630/16697</identifier><datestamp>2026-02-03T12:29:38Z</datestamp><setSpec>com_10630_2254</setSpec><setSpec>col_10630_37959</setSpec></header><metadata><record xmlns="http://www.loc.gov/MARC21/slim" xmlns:dcterms="http://purl.org/dc/terms/" xmlns:doc="http://www.lyncode.com/xoai" xmlns:xsi="http://www.w3.org/2001/XMLSchema-instance" xsi:schemaLocation="http://www.loc.gov/MARC21/slim http://www.loc.gov/standards/marcxml/schema/MARC21slim.xsd">
   <leader>00925njm 22002777a 4500</leader>
   <datafield ind2=" " ind1=" " tag="042">
      <subfield code="a">dc</subfield>
   </datafield>
   <datafield ind2=" " ind1=" " tag="720">
      <subfield code="a">Arredondo-Quijada, Rafael</subfield>
      <subfield code="e">author</subfield>
   </datafield>
   <datafield ind2=" " ind1=" " tag="720">
      <subfield code="a">Palma-García, María de las Olas</subfield>
      <subfield code="e">author</subfield>
   </datafield>
   <datafield ind2=" " ind1=" " tag="260">
      <subfield code="c">2018-10-26</subfield>
   </datafield>
   <datafield ind2=" " ind1=" " tag="520">
      <subfield code="a">En 2018 se cumplen veintinueve años de la aprobación del Plan de Barriadas de Actuación Preferente de la Junta de Andalucía (Decreto 202/1989), con el que creaban las Zonas con Necesidades de Transformación Social (ZNTS) como recurso para abordar la exclusión. En aquel momento se identificaron ocho barriadas como ZNTS que en el tiempo se han extendido a 24 en los años 2013 y 2014 (Decreto-Ley 7/2013, de 30 de abril y Decreto-Ley 8/2014, de 10 de junio). Este único indicador de crecimiento de ZNTS evidencia la creación de nuevos espacios de exclusión en los que los conocimientos y la experiencia transitada no han sido suficientes para su prevención. Así como la necesidad de evaluación de los resultados efectivos obtenidos sobre los espacios iniciales para evitar el mantenimiento y naturalización de las causas de su exclusión social. Coincidiendo con la revisión actual a través de la metodología del “Análisis urbanístico de Barrios Vulnerables en España” (Ministerio de Fomento, 2016) para identificar las zonas desfavorecidas, donde su número en 2018 alcanza a las 99. La presente comunicación explora los factores determinantes para el logro de los objetivos previstos con estas medidas, identificando los riesgos y retos que su normalización están planteando a las políticas sociales. A través de las memorias e informes de evaluación realizados por la consejería de Igualdad y Políticas Sociales de la Junta de Andalucía se analiza la evolución en las estrategias desarrolladas desde diferentes indicadores de inclusión social y se aportan propuestas para la intervención social.</subfield>
   </datafield>
   <datafield ind1="8" ind2=" " tag="024">
      <subfield code="a">https://hdl.handle.net/10630/16697</subfield>
   </datafield>
   <datafield tag="653" ind2=" " ind1=" ">
      <subfield code="a">Marginación social</subfield>
   </datafield>
   <datafield tag="653" ind2=" " ind1=" ">
      <subfield code="a">Política social</subfield>
   </datafield>
   <datafield ind2="0" ind1="0" tag="245">
      <subfield code="a">Zonas con necesidades de transformación social en Andalucía. Riesgos y retos ante su mantenimiento y naturalización</subfield>
   </datafield>
</record>
</metadata></record></GetRecord></OAI-PMH>